Procedimiento Administrativo comn︢ de las administraciones pb︢licas. Rǧimen jurd̕ico del sector pb︢lico. Esquemas /

Detalles Bibliográficos
Autor principal: Burzaco Samper, Mara̕
Formato: eBook
Lenguaje:español
Publicado: Madrid: Dykinson, 2016
Materias:
Acceso en línea:Acceso restringido

MARC

LEADER 00000nam a22000007a 4500
005 20171030151738.0
007 cr|||| ||||
008 171030s2016 sp |||||s|||| 00||0 spa d
020 |a 978-84-9148-057-0 
035 |a 20741 
040 |a vLex 
090 |c 7155  |d 7155 
100 1 |a Burzaco Samper, Mara̕ 
245 1 0 |a Procedimiento Administrativo comn︢ de las administraciones pb︢licas. Rǧimen jurd̕ico del sector pb︢lico.   |h [Recurso electrn̤ico] :  |b Esquemas /  |c Mara̕ Burzaco Samper - , Universidad Pontificia Comillas, ICADE 
256 |a Servicio en ln̕ea 
260 |a Madrid:  |b Dykinson,  |c 2016 
300 |a 1 recurso electrn̤ico 
500 |a Procedimiento Administrativo Comn︢ de las Administraciones Pb︢licas. Ley 39/2015, de 1 de octubre, del Procedimiento Administrativo Comn︢ de las Administraciones Pb︢licas. Rǧimen jurd̕ico del sector pb︢lico. Ley 40/2015, de 1 de octubre, de Rǧimen Jurd̕ico del Sector Pb︢lico. 
506 1 |a Disponible solo en los productos indicados  |d vLex Global  |d vLex Global (Academic Edition, excluding Law Schools)  |d vLex Global (U.S. Academic Edition, Law Schools)  |d vLex Global (U.S. Academic Edition, excluding Law Schools)  |d vLex Global (Academic Edition, Law Schools) 
650 0 4 |a Derecho Pb︢lico y Administrativo  |z Espaą 
740 0 |a vLex Libros (Servicio en ln̕ea) 
856 4 0 |u http://vlex.com/source/procedimiento-administrativo-comun-de-las-administraciones-publicas-regimen-juridico-del-sector-publico-esquemas-20741  |z Acceso restringido 
942 |c BOOK 
999 0 |a Public law 
999 0 |a Administrative law